MAASAI MARA UNIVERSITY

LIBRARY CATALOGUE

Contact Us: +254 020 2685356/7 or 0774 057787

Box: 861-20500, NAROK, KENYA

Email: info@mmarau.ac.ke

Primary care / (Record no. 16145)

MARC details
000 -LEADER
fixed length control field 00981cam a2200277 a 4500
001 - CONTROL NUMBER
control field 1672298
003 - CONTROL NUMBER IDENTIFIER
control field OSt
005 - DATE AND TIME OF LATEST TRANSACTION
control field 20230208070307.0
008 - FIXED-LENGTH DATA ELEMENTS--GENERAL INFORMATION
fixed length control field 980820s1999 paua b 001 0 eng c
010 ## - LIBRARY OF CONGRESS CONTROL NUMBER
LC control number 98042214
020 ## - INTERNATIONAL STANDARD BOOK NUMBER
International Standard Book Number 0781710413 (alk. paper)
040 ## - CATALOGING SOURCE
Original cataloging agency MMU
Transcribing agency MMU
Language of cataloging eng
Modifying agency MMU
050 00 - LIBRARY OF CONGRESS CALL NUMBER
Classification number RA427.9
Item number .P74 1999
060 10 - NATIONAL LIBRARY OF MEDICINE CALL NUMBER
Classification number WB 110
Item number P9523 1999
082 00 - DEWEY DECIMAL CLASSIFICATION NUMBER
Classification number 616
Edition number 21
245 00 - TITLE STATEMENT
Title Primary care /
Statement of responsibility, etc. [edited by] Joanne K. Singleton ... [et al.].
260 ## - PUBLICATION, DISTRIBUTION, ETC. (IMPRINT)
Place of publication, distribution, etc. Philadelphia :
Name of publisher, distributor, etc. Lippincott,
Date of publication, distribution, etc. c1999.
300 ## - PHYSICAL DESCRIPTION
Extent xxiv, 922 p. :
Other physical details ill. (some col.) ;
Dimensions 29 cm.
504 ## - BIBLIOGRAPHY, ETC. NOTE
Bibliography, etc Includes bibliographical references and index.
650 #0 - SUBJECT ADDED ENTRY--TOPICAL TERM
Topical term or geographic name as entry element Primary care (Medicine)
650 12 - SUBJECT ADDED ENTRY--TOPICAL TERM
Topical term or geographic name as entry element Primary Health Care.
700 1# - ADDED ENTRY--PERSONAL NAME
Personal name Singleton, Joanne K.
906 ## - LOCAL DATA ELEMENT F, LDF (RLIN)
a 7
b cbc
c orignew
d 1
e ocip
f 19
g y-gencatlg
942 ## - ADDED ENTRY ELEMENTS (KOHA)
Source of classification or shelving scheme Library of Congress Classification
Koha item type L
Holdings
Withdrawn status Lost status Source of classification or shelving scheme Damaged status Not for loan Home library Current library Date acquired Source of acquisition Total Checkouts Full call number Barcode Date last seen Price effective from Koha item type
    Library of Congress Classification     Maasai Mara University Library -Main Campus Maasai Mara University Library -Main Campus 01/13/2016 Donation   RA427.9 .P74 1999 201515388 01/13/2016 01/13/2016 L
© 2016 Maasai Mara University.